Countries in Europe - Statistics

General Stats
  • This quiz has been taken 65 times
    42 since last reset
  • The average score is 34 of 45
Answer Stats
Languages Country % Correct
German Germany
100%
French France
84%
Greek Greece
84%
Italian Italy
84%
Serbian Serbia
84%
English United Kingdom
84%
Danish Denmark
81%
Portuguese Portugal
81%
Romanian Romania
81%
Croatian Croatia
78%
Finnish Finland
78%
Hungarian Hungary
78%
Icelandic Iceland
78%
Irish Ireland
78%
Slovak Slovakia
78%
Slovenian Slovenia
78%
Ukrainian Ukraine
78%
Albanian Albania
75%
Austrian Austria
75%
Dutch Belgium
75%
Bulgarian Bulgaria
75%
Czech Czechia
75%
Estonian Estonia
75%
Luxembourgish, German, French Luxembourg
75%
Montenegrin Montenegro
75%
Dutch Netherlands
75%
Norwegian Norway
75%
Polish Poland
75%
Swedish Sweden
75%
Russian, Belarusian Belarus
72%
Bosnian, Croatian, Serbia Bosnia&Herzegovina
72%
Lithuanian Lithuania
72%
Maltese, English Malta
72%
French Monaco
72%
Albanian, Macedonian North Macedonia
72%
Spanish Spain
72%
Albanian, Serbian Kosovo
69%
Latvian Latvia
69%
Latin, Italian Vatican City
69%
German Liechtenstein
66%
Italian San Marino
66%
Romansh, German, French, Italian Switzerland
66%
Catalan Andorra
63%
Greek, Turkish Cyprus
63%
Romanian Moldova
63%
No matching quizzes found
Score Distribution
Percent of People with Each Score
Percentile by Number Answered
Your Score History
You have not taken this quiz since the last reset